logo

Bir Sreshtho Munshi Abdur Rouf Library
Jhenaidah Cadet College

Oxford illustrated dictionary / (Record no. 9647)

MARC details
000 -LEADER
fixed length control field 00718cam a22002411 4500
001 - CONTROL NUMBER
JCCL Control Number 9647
003 - CONTROL NUMBER IDENTIFIER
JCCL marc code BD-JhCC
005 - DATE AND TIME OF LATEST TRANSACTION
control field 20180321162223.0
008 - FIXED-LENGTH DATA ELEMENTS--GENERAL INFORMATION
fixed length control field 180321s1962 xx 000 0 eng
035 ## - SYSTEM CONTROL NUMBER
system control number (BD-JhCC)9647
035 ## - SYSTEM CONTROL NUMBER
system control number (OCoLC)1024967
040 ## - CATALOGING SOURCE
Original cataloging agency DLC
Transcribing agency PPi
Modifying agency Uk
-- DLC
-- BD-JhCC
041 ## - LANGUAGE CODE
Language code of Book eng
050 00 - LIBRARY OF CONGRESS CALL NUMBER
Classification number PE1628
Item number .O9
082 ## - DEWEY DECIMAL CLASSIFICATION NUMBER
Classification number 423
Author mark and Year OXF 1962
245 00 - TITLE STATEMENT
Title Oxford illustrated dictionary /
Statement of responsibility, etc Text edited by J. Coulson [and others] Illus. edited by Helen Mary Petter.
260 ## - PUBLICATION, DISTRIBUTION, ETC. (IMPRINT)
Place of publication, distribution, etc Oxford :
Name of publisher, distributor, etc Clarendon Press,
Date of publication, distribution, etc 1962.
300 ## - PHYSICAL DESCRIPTION
Pagination xvi, 976 p.
Other physical details illus.
Dimensions 24 cm.
650 #0 - SUBJECT ADDED ENTRY--TOPICAL TERM
Topical term or geographic name as entry element English language
Form subdivision Dictionaries.
700 1# - ADDED ENTRY--PERSONAL NAME
Personal name Coulson, Jessie,
Dates associated with a name 1903-1987,
942 ## - ADDED ENTRY ELEMENTS (KOHA)
Source of classification or shelving scheme Dewey Decimal Classification
Koha item type Reference
Holdings
Source of classification or shelving scheme Damaged status Not for loan Home library Current library Shelving location Total Checkouts Full call number Barcode Date last seen Copy number Koha item type
Dewey Decimal Classification     JCC Rouf Library JCC Rouf Library General Stacks   423 OXF 1962 12805 03/21/2018 C - 1 Books

JCC Library | Contacts | JCC Home

Last Update on 23 September 2017
Copyright @ 2017-2020 JCC Rouf Library
Rouf Library, Jhenidah Cadet College (JCC), Bangladesh